WWE Royal Rumble Winners - Statistics

General Stats
  • This quiz has been taken 1,168 times
  • The average score is 21 of 26
Answer Stats
Year Winner % Correct
2013 John Cena
96%
2008 John Cena
96%
2001 "Stone Cold" Steve Austin
93%
1998 "Stone Cold" Steve Austin
93%
1997 "Stone Cold" Steve Austin
93%
2002 Triple H
90%
2007 Undertaker
90%
2009 Randy Orton
89%
2000 The Rock
88%
2006 Rey Mysterio
86%
2005 Batista
85%
1991 Hulk Hogan
85%
1990 Hulk Hogan
85%
2010 Edge
84%
1996 Shawn Michaels
84%
1995 Shawn Michaels
84%
2012 Sheamus
81%
2011 Alberto Del Rio
80%
1994 Bret Hart/Lex Luger
79%
2003 Brock Lesnar
75%
1992 Ric Flair
74%
2004 Chris Benoit
73%
1988 "Hacksaw" Jim Duggan
72%
1993 Yokozuna
68%
1999 Mr. McMahon
66%
1989 Big John Studd
55%
No matching quizzes found
Score Distribution
Percent of People with Each Score
Percentile by Number Answered
Your Score History
You have not taken this quiz